[Event "SW Oberhausen 1 - SC Gerthe - Werne 1"]
[Site "Verbandsklasse - Gruppe 2 201"]
[Date "2019.03.10"]
[Round "7.7"]
[White "Kalle, Yannis"]
[Black "Boecker, Juergen"]
[Result "1-0"]
[WhiteElo "1714"]
[BlackElo "1772"]
[PlyCount "59"]
[EventDate "2019.??.??"]

1. e4 e5 2. Nf3 Nf6 3. Nc3 Nc6 4. Bc4 Nxe4 5. Nxe4 d5 6. Bd3 dxe4 7. Bxe4 Bd6
8. d4 exd4 9. Nxd4 Nxd4 10. Qxd4 O-O 11. Be3 Be7 12. O-O-O Qxd4 13. Bxd4 c6 14.
f4 f5 15. Bd3 b5 16. Rhe1 Kf7 17. c3 Re8 18. Bc2 c5 19. Bf2 Be6 20. Re5 g6 21.
Bxc5 Bxc5 22. Rxc5 Rab8 23. Rc7+ Re7 24. Rc6 Rbb7 25. Rdd6 Bc4 26. b3 Be6 27.
Bd3 b4 28. Rxe6 Rxe6 29. Bc4 Rbe7 30. cxb4 1-0

[Event "SW Oberhausen 1 - SC Gerthe - Werne 1"]
[Site "Verbandsklasse - Gruppe 2 201"]
[Date "2019.03.10"]
[Round "7.8"]
[White "Karimi, Hamid Reza"]
[Black "Saeglitz, Patrick"]
[Result "0-1"]
[WhiteElo "1809"]
[BlackElo "1726"]
[PlyCount "120"]
[EventDate "2019.??.??"]

1. e4 e5 2. Nf3 Nc6 3. Bb5 a6 4. Ba4 Nf6 5. d3 b5 6. Bb3 Bc5 7. Nc3 h6 8. Nd5
d6 9. c3 O-O 10. a3 Ba7 11. Be3 Bg4 12. h3 Be6 13. Bxa7 Rxa7 14. O-O Bxd5 15.
exd5 Ne7 16. c4 Qd7 17. a4 Raa8 18. axb5 axb5 19. Qe2 Nf5 20. g4 Ne7 21. Nd2
Ng6 22. Ne4 Nf4 23. Qf3 Nxe4 24. dxe4 bxc4 25. Bxc4 Qe7 26. Kh2 g6 27. Rg1 Kh8
28. b4 f5 29. exf5 gxf5 30. gxf5 Rxa1 31. Rxa1 Rxf5 32. Ra8+ Kg7 33. Qg4+ Rg5
34. Qc8 Qf7 35. Qh8+ Kg6 36. Rf8 Qd7 37. Qf6+ Kh5 38. Bf1 Qg7 39. Qxg7 Rxg7 40.
Rf5+ Kg6 41. Rf8 Nxd5 42. Bd3+ Kg5 43. Rf5+ Kh4 44. Be2 Nf4 45. Bf3 h5 46. b5
Re7 47. Rf8 Nxh3 48. Bxh5 Nxf2 49. Rxf2 Kxh5 50. Rd2 Rd7 51. Re2 Kg4 52. Kg2
Kf4 53. Kf1 e4 54. Rb2 d5 55. b6 cxb6 56. Rxb6 d4 57. Rf6+ Ke3 58. Ra6 d3 59.
Ra3 Kf3 60. Ke1 e3 0-1

[Event "SC Listiger Bauer Essen 1 - SG Witten 1"]
[Site "Verbandsklasse - Gruppe 3 201"]
[Date "2019.03.10"]
[Round "7.2"]
[White "Klups, Christoph"]
[Black "Werschmoeller, Thomas"]
[Result "0-1"]
[WhiteElo "1958"]
[BlackElo "1847"]
[PlyCount "58"]
[EventDate "2019.??.??"]

1. e4 c5 2. Nf3 e6 3. d4 cxd4 4. Nxd4 Bc5 5. Nb3 Bb6 6. a4 Nc6 7. Bb5 Nge7 8.
O-O O-O 9. Kh1 f5 10. Nc3 fxe4 11. Nxe4 d5 12. Ng5 h6 13. Nf3 e5 14. a5 Bc7 15.
Nh4 Qd6 16. g3 Bh3 17. Ng2 d4 18. Bc4+ Kh8 19. Qh5 Bxg2+ 20. Kxg2 Rf5 21. Qe2
Raf8 22. a6 bxa6 23. Bd3 R5f6 24. Nd2 Qd5+ 25. f3 Nb4 26. Bc4 Qd7 27. Ne4 Rc6
28. c3 d3 29. Qd2 Rxc4 0-1

[Event "SC Listiger Bauer Essen 1 - SG Witten 1"]
[Site "Verbandsklasse - Gruppe 3 201"]
[Date "2019.03.10"]
[Round "7.3"]
[White "Hustert, Volker"]
[Black "Mandl, Stefan"]
[Result "1/2-1/2"]
[WhiteElo "1911"]
[BlackElo "1933"]
[PlyCount "29"]
[EventDate "2019.??.??"]

1. Nf3 g6 2. g3 Bg7 3. Bg2 Nf6 4. O-O O-O 5. d3 d6 6. Nbd2 c5 7. e4 Nc6 8. c3
Bd7 9. Re1 Qc7 10. Nf1 b5 11. d4 cxd4 12. Nxd4 a6 13. Ne3 Rac8 14. Nxc6 Bxc6
15. Ng4 1/2-1/2

[Event "SC Listiger Bauer Essen 1 - SG Witten 1"]
[Site "Verbandsklasse - Gruppe 3 201"]
[Date "2019.03.10"]
[Round "7.4"]
[White "Ball, Joerg"]
[Black "Hustert, Dirk"]
[Result "1/2-1/2"]
[WhiteElo "1895"]
[BlackElo "2035"]
[PlyCount "24"]
[EventDate "2019.??.??"]

1. e4 Nf6 2. e5 Nd5 3. d4 d6 4. c4 Nb6 5. exd6 exd6 6. Nc3 Be7 7. h3 Bf5 8. Nf3
O-O 9. Be3 Nc6 10. b3 Bf6 11. Rc1 Re8 12. Be2 a5 1/2-1/2

[Event "SC Listiger Bauer Essen 1 - SG Witten 1"]
[Site "Verbandsklasse - Gruppe 3 201"]
[Date "2019.03.10"]
[Round "7.5"]
[White "Wendehals, Thomas"]
[Black "Wagner, Ole"]
[Result "1/2-1/2"]
[WhiteElo "1748"]
[BlackElo "1904"]
[PlyCount "62"]
[EventDate "2019.??.??"]

1. e4 c5 2. Nf3 Nc6 3. Bb5 g6 4. Bxc6 bxc6 5. O-O Nf6 6. Re1 Bg7 7. d3 O-O 8.
e5 Nd5 9. c4 Nc7 10. Nc3 Ne6 11. b3 f6 12. exf6 Bxf6 13. Bb2 Nd4 14. Nxd4 Bxd4
15. Re2 d6 16. Rd2 e5 17. Ne4 Bf5 18. Bxd4 cxd4 19. Qe2 Bxe4 20. Qxe4 Qg5 21.
Qe2 a5 22. Re1 Rf5 23. Rc2 Rd8 24. Qe4 Rc8 25. a3 Rf4 26. Qe2 c5 27. Qd2 Qf5
28. f3 Rb8 29. Rb2 g5 30. Re4 Rxe4 31. fxe4 Qf4 1/2-1/2

[Event "SC Listiger Bauer Essen 1 - SG Witten 1"]
[Site "Verbandsklasse - Gruppe 3 201"]
[Date "2019.03.10"]
[Round "7.6"]
[White "Petri, Norbert"]
[Black "Stephan, Joerg"]
[Result "1-0"]
[WhiteElo "1864"]
[BlackElo "1738"]
[PlyCount "47"]
[EventDate "2019.??.??"]

1. c4 c6 2. e4 d5 3. cxd5 cxd5 4. exd5 Qxd5 5. Nc3 Qa5 6. d4 Nf6 7. Nf3 g6 8.
Bc4 Bg7 9. O-O O-O 10. h3 a6 11. a3 b5 12. Ba2 Bb7 13. Re1 e6 14. Ne5 Nd5 15.
Nxd5 Bxd5 16. Bxd5 exd5 17. Bd2 Qd8 18. Bb4 Re8 19. Qf3 Ra7 20. Rac1 Rc7 21.
Ba5 Rxc1 22. Qxf7+ Kh8 23. Rxc1 Rf8 24. Bxd8 1-0

[Event "SC Listiger Bauer Essen 1 - SG Witten 1"]
[Site "Verbandsklasse - Gruppe 3 201"]
[Date "2019.03.10"]
[Round "7.7"]
[White "Aufermann, Dirk"]
[Black "Schettki, Martin"]
[Result "1-0"]
[WhiteElo "1753"]
[BlackElo "1820"]
[PlyCount "49"]
[EventDate "2019.??.??"]

1. d4 d5 2. c4 c6 3. Nf3 Nf6 4. Nc3 a6 5. a4 g6 6. e3 Bg7 7. Bd3 O-O 8. O-O Bg4
9. h3 Bxf3 10. Qxf3 e6 11. Bd2 Nbd7 12. cxd5 cxd5 13. Rfc1 Rc8 14. Rab1 Nb8 15.
b4 Nc6 16. b5 axb5 17. Bxb5 Na5 18. Qd1 b6 19. Na2 Ne4 20. Rxc8 Qxc8 21. Bb4
Re8 22. Bxa5 bxa5 23. Bxe8 Qxe8 24. Qc2 Bf8 25. Rb5 1-0

[Event "SC Listiger Bauer Essen 1 - SG Witten 1"]
[Site "Verbandsklasse - Gruppe 3 201"]
[Date "2019.03.10"]
[Round "7.8"]
[White "Nacke, Klaus"]
[Black "Ruesing, Thomas"]
[Result "1/2-1/2"]
[WhiteElo "1710"]
[BlackElo "1532"]
[PlyCount "107"]
[EventDate "2019.??.??"]

1. e4 c6 2. d4 d5 3. e5 Bf5 4. g4 Be4 5. f3 Bg6 6. Be3 e6 7. h4 h6 8. Bd3 Bxd3
9. Qxd3 Be7 10. Bf2 Nd7 11. Nd2 c5 12. c3 Rc8 13. f4 cxd4 14. cxd4 Bb4 15. Ngf3
Ne7 16. f5 Rf8 17. Be3 Ng8 18. fxe6 fxe6 19. Qg6+ Rf7 20. Qxe6+ Qe7 21. Qxd5
Rxf3 22. Qxf3 Nb6 23. O-O Rc2 24. Ne4 Nc4 25. Rac1 Nxe3 26. Qxe3 Rxc1 27. Rxc1
Qd7 28. g5 Qg4+ 29. Kf1 Ne7 30. gxh6 Nf5 31. Qe2 Qf4+ 32. Kg2 Qxc1 33. Qb5+ Qc6
34. Qxc6+ bxc6 35. h7 Nxh4+ 36. Kf2 Ng6 37. Ng5 Be7 38. Ne6 Kf7 39. Nc7 Nh8 40.
Kf3 g6 41. d5 cxd5 42. Nxd5 Bc5 43. Ke4 Ke6 44. b4 Bf8 45. b5 Bg7 46. Nf4+ Kd7
47. a4 g5 48. Nh5 Bf8 49. Kf5 Bh6 50. Nf6+ Kd8 51. Ng4 Bg7 52. Kxg5 Ke7 53. Kf5
Nf7 54. a5 1/2-1/2

[Event "SC Doppelbauer Brambauer 1 - SF Kirchhe"]
[Site "Verbandsklasse - Gruppe 3 201"]
[Date "2019.03.10"]
[Round "7.1"]
[White "Sinnwell, Horst"]
[Black "Wagner, Norbert"]
[Result "1-0"]
[WhiteElo "2037"]
[BlackElo "2030"]
[Annotator "Daniel"]
[PlyCount "136"]
[EventDate "2019.??.??"]

1. Nf3 f5 2. c4 g6 3. Nc3 Bg7 4. d4 c6 5. e4 d6 6. Be3 Nh6 7. Qd2 Nf7 8. Bd3 e5
9. dxe5 dxe5 10. Qc2 f4 11. Bc5 Na6 12. Ba3 Bf8 13. Bxf8 Kxf8 14. a3 Kg7 15. b4
Qf6 16. c5 Nc7 17. Bc4 Be6 18. Ne2 g5 19. h3 Rad8 20. Nd2 Rd7 21. Qb3 Rhd8 22.
O-O-O Rd3 23. Qxd3 Rxd3 24. Bxd3 b6 25. cxb6 axb6 26. Kb2 c5 27. bxc5 bxc5 28.
Rc1 Qd8 29. Rc3 c4 30. Nxc4 Nb5 31. Rb3 Bxc4 32. Bxc4 Qd2+ 33. Ka1 Nd4 34. Rb2
Qa5 35. Nxd4 exd4 36. Bxf7 Kxf7 37. Ka2 Qc3 38. Rd1 d3 39. Rdd2 Ke6 40. f3 h5
41. Rf2 Qd4 $11 42. Kb3 Kd6 43. Rf1 Kc5 44. Rc1+ Kb5 45. Ka2+ Ka6 46. Rd1 Qc4+
47. Kb1 Qc3 48. Rc1 Qd4 49. Rd1 Qc3 50. a4 Ka5 51. Rc1 Qd4 52. Rc8 Qg1+ 53. Ka2
Qa7 54. Rd8 Qa6 55. Rb3 Qa7 56. Rd5+ Ka6 57. Rdxd3 Qf2+ 58. Rb2 Qf1 59. Rc3 Qd1
60. Rbc2 g4 61. hxg4 hxg4 62. Kb3 Qb1+ 63. Kc4 gxf3 64. gxf3 Qa1 65. Kd5 Qb1
66. Rc6+ Ka7 67. Ke5 Qb8+ 68. Rc7+ Ka8 1-0

[Event "SC Doppelbauer Brambauer 1 - SF Kirchhe"]
[Site "Verbandsklasse - Gruppe 3 201"]
[Date "2019.03.10"]
[Round "7.2"]
[White "Koth, Stefan"]
[Black "Hoffterheide, Thomas"]
[Result "1-0"]
[WhiteElo "2029"]
[BlackElo "1970"]
[PlyCount "93"]
[EventDate "2019.??.??"]

1. c4 Nf6 2. Nc3 e6 3. e4 d5 4. e5 Nfd7 5. Nf3 c6 6. d4 Be7 7. Bd3 dxc4 8. Bxc4
Nb6 9. Bb3 Nd5 10. O-O Nxc3 11. bxc3 b6 12. Be3 Nd7 13. Qd2 Bb7 14. Rfd1 Qc7
15. Rac1 Rd8 16. Qe2 Nf8 17. h4 Ng6 18. h5 Nh4 19. Nxh4 Bxh4 20. Qg4 Be7 21.
Qxg7 Rf8 22. Qxh7 Kd7 23. h6 Kc8 24. c4 Ba3 25. Rb1 c5 26. Bg5 Rxd4 27. Rxd4
cxd4 28. Bf6 Be7 29. Qg7 Qd8 30. Bxe7 Qxe7 31. Rd1 Rd8 32. f3 d3 33. h7 Qh4 34.
Qxf7 Qd4+ 35. Kf1 d2 36. Qxe6+ Kb8 37. Qf6 Qd3+ 38. Kf2 Qd4+ 39. Kg3 Bc8 40.
h8=Q Rxh8 41. Qxh8 Qe3 42. Qf6 Qe1+ 43. Kf4 Kb7 44. c5 Ka6 45. e6 Qf2 46. Bc4+
Kb7 47. Qe7+ 1-0

[Event "SC Doppelbauer Brambauer 1 - SF Kirchhe"]
[Site "Verbandsklasse - Gruppe 3 201"]
[Date "2019.03.10"]
[Round "7.3"]
[White "Borgs, Martin"]
[Black "Remmler, Volker"]
[Result "1/2-1/2"]
[WhiteElo "1969"]
[BlackElo "2059"]
[PlyCount "26"]
[EventDate "2019.??.??"]

1. d4 Nf6 2. c4 g6 3. Nf3 Bg7 4. g3 O-O 5. Bg2 d6 6. O-O c6 7. Nc3 Bf5 8. Re1
Ne4 9. Qb3 Qb6 10. Be3 Nxc3 11. Qxc3 a5 12. Qd2 Na6 13. Bh6 Qb4 1/2-1/2

[Event "SC Doppelbauer Brambauer 1 - SF Kirchhe"]
[Site "Verbandsklasse - Gruppe 3 201"]
[Date "2019.03.10"]
[Round "7.4"]
[White "Schulz, Hartmut"]
[Black "Schueppel, Werner"]
[Result "1-0"]
[WhiteElo "2025"]
[BlackElo "1938"]
[PlyCount "65"]
[EventDate "2019.??.??"]

1. d4 g6 2. Nf3 d6 3. c3 Bg7 4. Bg5 Nd7 5. Nbd2 h6 6. Bh4 c5 7. e3 Ngf6 8. Bc4
O-O 9. O-O e5 10. Qc2 Qc7 11. dxe5 dxe5 12. Bg3 Kh7 13. Qb3 b5 14. Bxf7 c4 15.
Bxg6+ Kxg6 16. Nh4+ Kh7 17. Qxb5 Rb8 18. Qa4 Nb6 19. Qc2+ Kg8 20. Ng6 Re8 21.
h3 Nh5 22. Bh2 Bf6 23. f4 Qc5 24. Kh1 Qxe3 25. fxe5 Bb7 26. exf6 Qxh3 27. f7+
Kg7 28. fxe8=N+ Rxe8 29. Nf3 Qg4 30. Nge5 Ng3+ 31. Bxg3 Qxg3 32. Qf5 Rxe5 33.
Qxe5+ 1-0

[Event "SC Doppelbauer Brambauer 1 - SF Kirchhe"]
[Site "Verbandsklasse - Gruppe 3 201"]
[Date "2019.03.10"]
[Round "7.5"]
[White "Schlueter, Christoph"]
[Black "Bracht, Michael"]
[Result "0-1"]
[WhiteElo "1963"]
[BlackElo "1950"]
[PlyCount "84"]
[EventDate "2019.??.??"]

1. d4 Nf6 2. c4 g6 3. Nc3 d5 4. Nf3 Bg7 5. Qb3 dxc4 6. Qxc4 O-O 7. e4 c6 8. Be2
b5 9. Qb3 a5 10. e5 a4 11. Qd1 Nd5 12. Nxd5 Qxd5 13. O-O h6 14. Be3 Be6 15. Qd2
Kh7 16. Ne1 Qd7 17. Nd3 Na6 18. Bf3 Rfd8 19. Rfd1 Bf8 20. Nf4 Bg4 21. Bxg4 Qxg4
22. Rac1 c5 23. d5 Qf5 24. Bxc5 Qxe5 25. Bb6 Rdc8 26. g3 Bg7 27. b3 Qd6 28. Be3
a3 29. h4 Nb4 30. h5 g5 31. Ne2 Rxc1 32. Qxc1 Nxd5 33. Bc5 Qc6 34. b4 e6 35.
Qb1+ Kg8 36. Qd3 Nf6 37. Nc3 Ng4 38. Nxb5 Ne5 39. Nd4 Qd5 40. Qb3 Qb7 41. f4
Nd7 42. fxg5 Nxc5 0-1

[Event "SC Doppelbauer Brambauer 1 - SF Kirchhe"]
[Site "Verbandsklasse - Gruppe 3 201"]
[Date "2019.03.10"]
[Round "7.6"]
[White "Zimmermann, Dirk"]
[Black "Belitz, Marco"]
[Result "1-0"]
[WhiteElo "1852"]
[BlackElo "1815"]
[PlyCount "85"]
[EventDate "2019.??.??"]

1. c4 c5 2. Nc3 Nf6 3. g3 g6 4. Bg2 Bg7 5. a3 Nc6 6. Rb1 Qa5 7. e3 d6 8. Nge2
O-O 9. O-O h5 10. d3 Bd7 11. Bd2 Qa6 12. Qc2 Ne5 13. b4 Rad8 14. Nf4 b6 15.
Nfd5 Nxd5 16. Bxd5 e6 17. Bg2 Qc8 18. b5 Qc7 19. e4 Bc8 20. a4 Qe7 21. a5 Qf6
22. f3 h4 23. g4 h3 24. g5 Qe7 25. Bxh3 Nd7 26. f4 Bd4+ 27. Kh1 Kg7 28. Ne2 Rh8
29. Rf3 Rh7 30. Nxd4 cxd4 31. Rg1 Rdh8 32. Rgg3 Nc5 33. Bc1 Qe8 34. Bb2 e5 35.
f5 gxf5 36. Bxf5 Ne6 37. Bxh7 Rxh7 38. Bc1 Qh8 39. Qf2 Kg8 40. axb6 axb6 41. g6
fxg6 42. Rxg6+ Rg7 43. Rxg7+ 1-0

[Event "SC Doppelbauer Brambauer 1 - SF Kirchhe"]
[Site "Verbandsklasse - Gruppe 3 201"]
[Date "2019.03.10"]
[Round "7.7"]
[White "Langer, Raimund"]
[Black "Deckert, Frank"]
[Result "1-0"]
[WhiteElo "1777"]
[BlackElo "1880"]
[PlyCount "55"]
[EventDate "2019.??.??"]

1. e4 c6 2. d4 d5 3. e5 Bf5 4. Nf3 e6 5. Be2 Ne7 6. O-O Nd7 7. Nbd2 c5 8. c4
Nc6 9. Nb3 dxc4 10. Bxc4 a6 11. dxc5 Ncxe5 12. Be2 Qc7 13. Nxe5 Qxe5 14. Be3
Rd8 15. Qc1 Rc8 16. Bf3 Be4 17. Bd4 Qf5 18. Bxe4 Qxe4 19. Qc3 Be7 20. Rfe1 Qg6
21. Re3 Bf6 22. Rg3 Qh6 23. Bxf6 Nxf6 24. Qb4 Rc7 25. c6 b5 26. Qd6 Nd5 27. Rd1
Qh5 28. Rgd3 1-0

[Event "SC Doppelbauer Brambauer 1 - SF Kirchhe"]
[Site "Verbandsklasse - Gruppe 3 201"]
[Date "2019.03.10"]
[Round "7.8"]
[White "Jochmann, Christian"]
[Black "Kueper, Peter"]
[Result "1-0"]
[WhiteElo "1822"]
[BlackElo "1845"]
[PlyCount "59"]
[EventDate "2019.??.??"]

1. e4 e5 2. Nf3 Nc6 3. Bb5 Bc5 4. O-O Nf6 5. Nc3 O-O 6. d3 d6 7. Bg5 a6 8. Ba4
b5 9. Bb3 h6 10. Bh4 Bg4 11. Nd5 Nd4 12. Nxf6+ gxf6 13. c3 Nxf3+ 14. gxf3 Bh3
15. Re1 Kh7 16. Kh1 Rg8 17. Rg1 Qd7 18. Qd2 f5 19. d4 exd4 20. cxd4 Bb6 21. Bc2
Rg6 22. Qf4 Rag8 23. Rg3 Rxg3 24. hxg3 fxe4 25. Bxe4+ f5 26. Bd3 Qg7 27. Rd1
Bxd4 28. Bxf5+ Bxf5 29. Qxf5+ Kh8 30. Rxd4 1-0

[Event "SV Unna 1 - SC Rochade Rüttenscheid 1"]
[Site "Verbandsklasse - Gruppe 3 201"]
[Date "2019.03.10"]
[Round "7.1"]
[White "Lindenmaier, Reinhard"]
[Black "Barskij, Aleksandr"]
[Result "1-0"]
[WhiteElo "2017"]
[BlackElo "1914"]
[PlyCount "123"]
[EventDate "2019.??.??"]

1. c4 e5 2. g3 Nf6 3. Bg2 d5 4. cxd5 Nxd5 5. Nc3 Nb6 6. Nf3 Nc6 7. O-O Be7 8.
d3 O-O 9. a3 Be6 10. b4 a5 11. b5 Nd4 12. Nxd4 exd4 13. Na4 Bd5 14. Nxb6 Bxg2
15. Kxg2 cxb6 16. Qb3 a4 17. Qc4 Qd7 18. Rb1 Rfc8 19. Qa2 Rc5 20. Bd2 Rh5 21.
Rh1 Qh3+ 22. Kg1 Rc8 23. f3 Qd7 24. Kf2 Rxb5 25. Rxb5 Qxb5 26. Rb1 Qc6 27. Bb4
Bg5 28. f4 Bf6 29. Qb2 Qe6 30. Qd2 h5 31. Rc1 Rxc1 32. Qxc1 Be7 33. Bd2 Qc6 34.
Qb2 Bc5 35. h4 Qd6 36. Bc1 Qd5 37. Qb5 Qc6 38. Qb2 Qh1 39. Bd2 Qh2+ 40. Kf3
Qh1+ 41. Kf2 Qd1 42. Bc1 Qb3 43. Qxb3 axb3 44. Kf3 f5 45. Bb2 b5 46. e3 b4 47.
a4 Kf7 48. exd4 Be7 49. d5 Bf6 50. d4 Ke7 51. Ke3 Kd6 52. Kd3 Kxd5 53. Ba1 g6
54. Bb2 Bd8 55. Bc1 Bb6 56. Bb2 Ba7 57. Ba1 b2 58. Bxb2 b3 59. Ba1 Bb6 60. Bc3
Ba5 61. Bxa5 b2 62. Kc2 1-0

[Event "SV Unna 1 - SC Rochade Rüttenscheid 1"]
[Site "Verbandsklasse - Gruppe 3 201"]
[Date "2019.03.10"]
[Round "7.2"]
[White "Grube, Frank"]
[Black "Dorgarten, Armin"]
[Result "0-1"]
[WhiteElo "1793"]
[BlackElo "1901"]
[PlyCount "70"]
[EventDate "2019.??.??"]

1. Nf3 d5 2. d4 Nf6 3. e3 e6 4. Bd3 c5 5. b3 Nc6 6. Nbd2 cxd4 7. exd4 Qa5 8.
Bb2 Bd6 9. O-O O-O 10. a3 Qc7 11. Re1 a5 12. Ne5 b6 13. f4 Ba6 14. c4 Bb7 15.
Rc1 Rac8 16. Ndf3 Qe7 17. Ra1 h6 18. f5 Bxe5 19. dxe5 Qc5+ 20. Kf1 Ng4 21. Qe2
d4 22. Bc1 f6 23. exf6 Rxf6 24. h3 exf5 25. hxg4 fxg4 26. Qe4 gxf3 27. gxf3
Rcf8 28. Qh7+ Kf7 29. Be4 Nd8 30. Bxb7 Nxb7 31. Qe4 Nd6 32. Qg4 Kg8 33. f4 b5
34. Re7 Nf5 35. Re5 Ne3+ 0-1

[Event "SV Unna 1 - SC Rochade Rüttenscheid 1"]
[Site "Verbandsklasse - Gruppe 3 201"]
[Date "2019.03.10"]
[Round "7.3"]
[White "Pennekamp, Manfred"]
[Black "Vleeming, Vincent"]
[Result "1-0"]
[WhiteElo "1815"]
[BlackElo "1866"]
[PlyCount "67"]
[EventDate "2019.??.??"]

1. e4 c5 2. Nc3 Nc6 3. g3 g6 4. Bg2 Bg7 5. d3 d6 6. f4 e6 7. Nf3 Nge7 8. O-O
O-O 9. g4 f5 10. h3 Rb8 11. Ne2 b5 12. Ng3 b4 13. Qe1 Nd4 14. Nxd4 Bxd4+ 15.
Kh2 Bg7 16. c3 bxc3 17. bxc3 Ba6 18. Rf3 Kh8 19. Ne2 Qa5 20. exf5 gxf5 21. Bd2
Rb2 22. Re3 Bc8 23. Nc1 Qa4 24. Re2 Ng6 25. Rf2 fxg4 26. Be4 Nxf4 27. hxg4 Be5
28. Kh1 Rb8 29. Ne2 d5 30. Bg2 Bd7 31. Nxf4 Bxf4 32. Bxf4 Rbc8 33. Qe5+ Kg8 34.
Qg5+ 1-0

[Event "SV Unna 1 - SC Rochade Rüttenscheid 1"]
[Site "Verbandsklasse - Gruppe 3 201"]
[Date "2019.03.10"]
[Round "7.4"]
[White "Irlaender, Walter"]
[Black "Koprek, Juergen"]
[Result "1/2-1/2"]
[WhiteElo "1843"]
[BlackElo "1827"]
[PlyCount "41"]
[EventDate "2019.??.??"]

1. d4 d5 2. Nf3 e6 3. Bf4 Nf6 4. e3 Be7 5. Bd3 Nbd7 6. h3 O-O 7. O-O b6 8. c4
Bb7 9. Nc3 a6 10. cxd5 Bxd5 11. e4 Bb7 12. Qe2 h6 13. Rfe1 b5 14. e5 Nh7 15. d5
Ng5 16. Bxg5 Bxg5 17. Qe4 g6 18. Qg4 Nc5 19. Bc2 exd5 20. h4 Bc8 21. e6 1/2-1/2

[Event "SV Unna 1 - SC Rochade Rüttenscheid 1"]
[Site "Verbandsklasse - Gruppe 3 201"]
[Date "2019.03.10"]
[Round "7.5"]
[White "Storp, Thomas"]
[Black "Reininghaus, Dennis"]
[Result "0-1"]
[WhiteElo "1821"]
[BlackElo "1742"]
[PlyCount "152"]
[EventDate "2019.??.??"]

1. Nf3 Nf6 2. d4 d5 3. e3 Bf5 4. Bd3 Bxd3 5. Qxd3 c6 6. O-O e6 7. c4 dxc4 8.
Qxc4 Nbd7 9. Nc3 Be7 10. b3 O-O 11. Bb2 Rc8 12. Rad1 Qa5 13. a4 c5 14. d5 Nb6
15. Qb5 Qxb5 16. Nxb5 Nbxd5 17. Nxa7 Rcd8 18. Nb5 Nb4 19. Ne5 Nfd5 20. Nc4 Bf6
21. Bxf6 Nxf6 22. Nbd6 Rb8 23. Ne5 b6 24. Rd2 g6 25. g3 Kg7 26. Rfd1 Nfd5 27.
Nd7 Rfd8 28. Nxb8 Rxb8 29. Nb5 f5 30. Kf1 Kf6 31. Ke2 g5 32. f3 Ke5 33. Rc1 h5
34. Rc4 Nc6 35. e4 fxe4 36. fxe4 Nf6 37. Nd6 Rf8 38. Rc1 Nd4+ 39. Rxd4 Kxd4 40.
Rd1+ Ke5 41. Nc4+ Kxe4 42. Nxb6 Nd5 43. Nxd5 exd5 44. a5 d4 45. Re1 d3+ 46.
Kd2+ Kd4 47. a6 Rf2+ 48. Kd1 Kc3 49. Re5 Rf1+ 50. Re1 Rxe1+ 51. Kxe1 Kc2 52. a7
d2+ 53. Kf2 d1=Q 54. a8=Q Qd4+ 55. Kg2 Qd2+ 56. Kg1 Kxb3 57. Qf3+ Qc3 58. Qd5+
c4 59. Qxg5 Qe1+ 60. Kg2 Qe2+ 61. Kg1 c3 62. Qd5+ Kb2 63. Qb7+ Kc1 64. Qb4 c2
65. Qb3 Qe1+ 66. Kg2 Kd1 67. h3 Qe4+ 68. Kh2 Kd2 69. Qb2 Qe2+ 70. Kh1 Qf3+ 71.
Kh2 Qf2+ 72. Kh1 Qxg3 73. Qd4+ Qd3 74. Qb4+ Kd1 75. Qa4 Qxh3+ 76. Kg1 Qg4+ 0-1

[Event "SV Unna 1 - SC Rochade Rüttenscheid 1"]
[Site "Verbandsklasse - Gruppe 3 201"]
[Date "2019.03.10"]
[Round "7.6"]
[White "Algera, Remko Wessel"]
[Black "Kiparski, Manuel"]
[Result "1/2-1/2"]
[WhiteElo "1675"]
[BlackElo "1790"]
[PlyCount "36"]
[EventDate "2019.??.??"]

1. e4 e5 2. f4 exf4 3. Nf3 g5 4. h4 g4 5. Ng5 d5 6. exd5 Qe7+ 7. Qe2 Nf6 8. Nc3
Bf5 9. d3 Qxe2+ 10. Bxe2 Bb4 11. Bd2 O-O 12. Nge4 Bxe4 13. Nxe4 Bxd2+ 14. Nxd2
Re8 15. c4 Nh5 16. Kf2 f5 17. Rhe1 Nd7 18. Bf1 Ng3 1/2-1/2

[Event "SV Unna 1 - SC Rochade Rüttenscheid 1"]
[Site "Verbandsklasse - Gruppe 3 201"]
[Date "2019.03.10"]
[Round "7.7"]
[White "Bruckmann, Jochen"]
[Black "Eichhorn, Robin"]
[Result "1-0"]
[WhiteElo "1773"]
[BlackElo "1787"]
[PlyCount "51"]
[EventDate "2019.??.??"]

1. e4 d6 2. d4 Nf6 3. Bd3 g6 4. f4 Bg7 5. Nf3 c5 6. c3 a6 7. O-O cxd4 8. cxd4
Qb6 9. Kh1 O-O 10. Nc3 Nc6 11. Na4 Qa7 12. Be3 Ng4 13. Bg1 Bxd4 14. Nxd4 Nxd4
15. Be2 e5 16. Bxg4 f5 17. exf5 gxf5 18. Bf3 Bd7 19. fxe5 dxe5 20. Nc3 Rad8 21.
Bd5+ Kh8 22. Qe1 Qb8 23. Qh4 Nc6 24. Bc5 f4 25. Bxf8 Rxf8 26. Rad1 1-0

[Event "SV Unna 1 - SC Rochade Rüttenscheid 1"]
[Site "Verbandsklasse - Gruppe 3 201"]
[Date "2019.03.10"]
[Round "7.8"]
[White "Bertschik, Jonas"]
[Black "Furchtbar, Uwe"]
[Result "0-1"]
[WhiteElo "1700"]
[BlackElo "1778"]
[PlyCount "102"]
[EventDate "2019.??.??"]

1. d4 e6 2. Nf3 d5 3. c4 Bb4+ 4. Nc3 Nf6 5. a3 Bxc3+ 6. bxc3 Ne4 7. Qc2 O-O 8.
e3 c6 9. Bd3 f5 10. O-O Qa5 11. Bb2 Nd7 12. cxd5 exd5 13. c4 Nb6 14. cxd5 Nxd5
15. Bxe4 fxe4 16. Qxe4 Bf5 17. Qh4 Rf6 18. Ne5 Qb5 19. Bc1 a5 20. e4 Nc3 21.
Bg5 Nxe4 22. Bxf6 Nxf6 23. Qf4 g6 24. g4 Nd5 25. Qf3 Be6 26. h3 Rf8 27. Qd1 Nc3
28. Qd2 Ne2+ 29. Kh2 Nf4 30. Rfb1 Qd5 31. f3 b5 32. Rc1 Qd8 33. Qf2 Bd5 34.
Rab1 Qd6 35. Qe3 Ne6 36. Rf1 Rf4 37. Rbd1 a4 38. Qc3 Bb3 39. Ra1 Nxd4 40. Rfe1
Rxf3 41. Qd2 Rf6 42. Kg1 Qxe5 43. Rxe5 Nf3+ 44. Kg2 Nxd2 45. Rc1 Bd5+ 46. Kg3
Rf3+ 47. Kh4 Ne4 48. Rh1 h6 49. Re8+ Kf7 50. Rh8 Kg7 51. Rd8 g5+ 0-1

[Event "SV Welper 2 - SF Brackel 4"]
[Site "Verbandsklasse - Gruppe 3 201"]
[Date "2019.03.10"]
[Round "7.1"]
[White "Fiebig, Thomas"]
[Black "Marx, Patrick"]
[Result "1-0"]
[WhiteElo "2417"]
[BlackElo "1925"]
[PlyCount "59"]
[EventDate "2019.??.??"]

1. e4 c6 2. Nf3 d5 3. exd5 cxd5 4. Ne5 Nf6 5. d4 e6 6. Bd3 Be7 7. c3 a6 8. O-O
O-O 9. Nd2 b5 10. a3 Bb7 11. Qe2 Nbd7 12. f4 Qc7 13. Rf3 g6 14. Rh3 Kg7 15. Qe1
Rae8 16. Kh1 Nxe5 17. fxe5 Nd7 18. Nf3 Rh8 19. Bh6+ Kg8 20. Ng5 Bxg5 21. Bxg5
f6 22. exf6 Kf7 23. Qh4 e5 24. Qh6 Reg8 25. Rf1 e4 26. Be2 Bc8 27. Bg4 Qd6 28.
Qxh7+ Rxh7 29. Rxh7+ Kf8 30. Bh6+ 1-0

[Event "SV Welper 2 - SF Brackel 4"]
[Site "Verbandsklasse - Gruppe 3 201"]
[Date "2019.03.10"]
[Round "7.2"]
[White "Sharma, Danesh"]
[Black "Friedrichs, Klaus"]
[Result "1/2-1/2"]
[WhiteElo "1885"]
[BlackElo "2243"]
[PlyCount "32"]
[EventDate "2019.??.??"]

1. e4 c5 2. c3 e6 3. d4 d5 4. exd5 exd5 5. Nf3 Nc6 6. Be2 Nf6 7. O-O Bd6 8. h3
O-O 9. Be3 cxd4 10. Nxd4 Re8 11. Nd2 Be6 12. N2f3 Rc8 13. Qd3 Qd7 14. Rfe1 Bb8
15. Rad1 Nxd4 16. Bxd4 Bf5 1/2-1/2

[Event "SV Welper 2 - SF Brackel 4"]
[Site "Verbandsklasse - Gruppe 3 201"]
[Date "2019.03.10"]
[Round "7.3"]
[White "Reisberg, Andre"]
[Black "Teich, Udo"]
[Result "1-0"]
[WhiteElo "1994"]
[BlackElo "1893"]
[Annotator "Daniel"]
[PlyCount "93"]
[EventDate "2019.??.??"]

1. d4 d5 2. c4 e6 3. Nc3 c5 4. cxd5 exd5 5. Nf3 Nc6 6. g3 Nf6 7. Bg2 Be7 8. O-O
O-O 9. Bg5 Be6 10. Rc1 cxd4 11. Nxd4 Nxd4 12. Qxd4 h6 13. Bf4 Qa5 14. Be5 Rfd8
15. e3 Rac8 16. Rfd1 Rc4 17. Qd3 Rdc8 18. Ra1 Rd8 19. a3 Ne4 20. b4 Qa6 21. Ne2
f6 22. Bb2 Bf7 23. Nd4 Nd6 24. Qb3 b5 25. Bf1 Rc7 26. a4 bxa4 27. Rxa4 Qb7 28.
b5 Nc4 29. Bc3 Bc5 30. Raa1 Rb8 31. Rdb1 Qc8 32. Ra4 Rbb7 33. Bd3 Kh8 34. Bf5
Qe8 35. Re1 g6 36. Bd3 Kg7 37. Qd1 Bxd4 38. Bxd4 Qxb5 39. f4 Qd7 40. Ra6 Rc6
$11 41. Qa1 Rxa6 42. Qxa6 Qe7 43. Bxf6+ Qxf6 44. Qxb7 Qc3 45. Qb1 Nd2 46. Qa1
Nf3+ 47. Kf2 1-0